O amante / (Record no. 357)

MARC details
000 -LÍDER
campo de controle de tamanho fixo 02321nam a2200337 4500
001 - NÚMERO DE CONTROLE
campo de controle 357
003 - IDENTIFICADOR DO NÚMERO DE CONTROLE
campo de controle OSt
005 - DATA E HORÁRIO DA ÚLTIMA TRANSAÇÃO
campo de controle 20250528074019.0
008 - CAMPO DE DADOS FIXOS--INFORMAÇÃO GERAL
campo de controle de tamanho fixo 250401b |||||||e |||| 00| 1 eng d
020 ## - ISBN - INTERNATIONAL STANDARD BOOK NUMBER
ISBN - International Standard Book Number 9788575036617
040 ## - FONTE DA CATALOGAÇÃO
Idioma da catalogação por
041 ## - CÓDIGO DE IDIOMA
Código do idioma do original e/ou traduções intermediárias do texto fre
Código do idioma do texto/trilha sonora ou título diferente por
082 ## - CDD - CLASSIFICAÇÃO DECIMAL DE DEWEY
Número de Classificação 843
Número do exemplar D952a
100 1# - ENTRADA PRINCIPAL--NOME PESSOAL
Nome pessoal Duras, Marguerite,
Datas associadas ao nome 1914-1996
9 (RLIN) 406
240 ## - TÍTULO UNIFORME
Título uniforme L´amant
245 ## - TÍTULO
Título O amante /
Indicação de responsabilidade, etc. Duras, Marguerite ; Tradução de Aulyde Soares Rodrigues
260 ## - PUBLICAÇÃO, DISTRIBUIÇÃO, ETC.
Local de publicação, distribuição, etc. São Paulo
Nome do editor, distribuidor, etc. O Globo
Data da publicação, distribuição, etc. 2003
300 ## - DESCRIÇÃO FÍSICA
Extensão 95 p.
490 1# - TÍTULO DA SÉRIE
Título da série Biblioteca Folha
Número do volume ou designação sequencial da série vol. 03
520 ## - NOTA DE RESUMO, ETC.
Resumo, etc. Considerado o livro mais autobiográfico da escritora, dramaturga e cineasta Marguerite Duras (1914-1996), O amante, escrito em 1984, recebeu o Prêmio Goncourt, o mais importante da literatura francesa e se consagrou como sua obra mais célebre. O romance narra um episódio da adolescência de Duras: sua iniciação sexual, aos quinze anos e meio, com um chinês rico de Saigon.<br/><br/>Se as personagens e fatos são verídicos, a escrita os transfigura e transcende; não sabemos em que medida a história é verdadeira. Os encontros amorosos são, ao mesmo tempo, intensamente prazerosos e infinitamente tristes; a vida da família contrapõe amor e ódio, miséria material e riqueza afetiva.<br/><br/>A presença da mãe, sua desgraça financeira e moral, do irmão mais velho, drogado, cruel e venal, e do irmão mais novo, frágil e oprimido, constituem uma existência predominantemente triste, e por vezes trágica, de onde Duras extrai um esplendor artístico que se reflete em sua própria pessoa - personagem enigmática, quase de ficção.<br/><br/>Tem sido dito que ler este livro é como folhear um álbum de fotografias - a narrativa se desenrola em torno de uma série de imagens fascinantes. Esse trabalho primoroso com as imagens também pode ser verificado nos mais de vinte filmes dirigidos por Duras e na possibilidade de seus textos se transformarem em filmes, como o fez Jean-Jacques Annaud com O amante em 1991.
650 #0 - ASSUNTO--TERMO TÓPICO
Cabeçalho tópico ou nome geográfico Literatura francesa
9 (RLIN) 122
650 #0 - ASSUNTO--TERMO TÓPICO
Cabeçalho tópico ou nome geográfico Amor e Paixão
9 (RLIN) 25
650 #0 - ASSUNTO--TERMO TÓPICO
Cabeçalho tópico ou nome geográfico Histórico
9 (RLIN) 53
650 #0 - ASSUNTO--TERMO TÓPICO
Cabeçalho tópico ou nome geográfico Clássicos
9 (RLIN) 77
650 #0 - ASSUNTO--TERMO TÓPICO
Cabeçalho tópico ou nome geográfico Filme
9 (RLIN) 26
655 #0 - TERMO DE ÍNDICE--GÊNERO E FORMA
Gênero/forma/ou termo foco Romance
655 #0 - TERMO DE ÍNDICE--GÊNERO E FORMA
Gênero/forma/ou termo foco Ficção
700 ## - ENTRADA ADICIONADA - NOME PESSOAL
Nome pessoal Aulyde Soares Rodrigues
Função do autor por extenso Tradutor
9 (RLIN) 302
830 ## - ENTRADA SECUNDÁRIA DE SÉRIE--TÍTULO UNIFORME
Título uniforme Biblioteca Folha
Número do volume ou designação sequencial da série vol. 03
9 (RLIN) 734
942 ## - ELEMENTOS DE ENTRADA ADICIONADOS (KOHA)
Fonte de classificação ou esquema de arquivamento Classificação decimal de Dewey
Ocultar no OPAC Não
Tipo de material Koha Livros
Holdings
Situação do descarte Situação das perdas Fonte de classificação ou esquema de arquivamento Status danificado Não pode ser emprestado Coleção Biblioteca de origem Biblioteca atual Localização na estante Data de aquisição Fonte de aquisição Total de empréstimos Número de chamada completo Código de barras Data de último acesso Data do preço efetivo Tipo de material Koha
    Classificação decimal de Dewey     Ficção Biblioteca Professor Eduardo Afonso de Castro Biblioteca Professor Eduardo Afonso de Castro Literatura Estrangeira 29.08.2005 doação   843 / D952a 2025-12849 01.04.2025 01.04.2025 Livros

Powered by Koha